| 000 | 00617nam a22002057a 4500 | ||
|---|---|---|---|
| 003 | OSt | ||
| 005 | 20240222162257.0 | ||
| 008 | 170322t xxu||||| |||| 00| 0 eng d | ||
| 020 | _a9783864071980 | ||
| 040 | _c0 | ||
| 082 |
_a720.28 _bARC |
||
| 245 | 0 | 0 |
_a Architecture and materials _cCristina Paredes Benitez (Editor) |
| 260 |
_bGMBH, _c2014. |
||
| 300 |
_a503 p.: _bill; _c18 cm. |
||
| 650 |
_aBuilding materials _98911 |
||
| 650 |
_aMaterials _98912 |
||
| 700 | 1 |
_aParedes Benitez,Cristina _9121149 |
|
| 942 |
_2ddc _cREF |
||
| 999 |
_c608045 _d608045 |
||